| 000 | 00520nam a2200205Ia 4500 | ||
|---|---|---|---|
| 005 | 20240823034558.0 | ||
| 008 | 240823s9999||||xx |||||||||||||| ||und|| | ||
| 020 | _a81-264-1554-1 | ||
| 041 | _aMALAYALAM | ||
| 082 | _A153.8 Q2 | ||
| 100 | _aAbdul Kalam A P J | ||
| 245 | 0 | _aRashtravibhavanam: Sankethikavidyayiloode Samoohikaparivarthanam | |
| 250 | _a1st | ||
| 260 |
_c2012 _b"D C Books,Kot" |
||
| 500 | _aYES | ||
| 650 |
_aNovel _bEnglish |
||
| 700 | _a Shivathanu Pillai A | ||
| 942 | _cBK | ||
| 999 |
_c198605 _d198605 |
||